Populous Countries by Demonym Ending Quiz Stats

Quiz Updated Jul 13, 2016

Also try: 'New' Places
Challenge
Share
Tweet
Embed
Score 0/28 Timer 05:00
4 Plays Today
Ending Country % Correct
-eseChina
97.9%
-canUnited States
95.1%
-eseJapan
90.8%
-ianIndia
88.9%
-ianRussia
86.1%
-chFrance
85.7%
-canMexico
84.2%
-ianBrazil
83.9%
-ishUnited Kingdom
78.7%
-ishSpain
73.7%
-iPakistan
67%
-iIraq
63.1%
-ianIndonesia
61.9%
-eseVietnam
61.7%
Ending Country % Correct
-canSouth Africa
60.9%
-ishTurkey
54.8%
-ishSweden
52.8%
-ishPoland
51.5%
-chNetherlands
47.3%
-ianNigeria
44.2%
-iThailand
42.5%
-iBangladesh
41.6%
-iSaudi Arabia
41.4%
-eseSudan
32.6%
-eseDemocratic Republic of the Congo
30.4%
-canMorocco
23.4%
-chCzechia
23.3%
-canMozambique
4.8%

You're not logged in!

Compare scores with friends on all Sporcle quizzes.
Join for Free
OR
Log In

You Might Also Like...

Show Comments

Extras

Top Quizzes Today


Score Distribution

Your Account Isn't Verified!

In order to create a playlist on Sporcle, you need to verify the email address you used during registration. Go to your Sporcle Settings to finish the process.

Report this User

Report this user for behavior that violates our Community Guidelines.

Details: